| 000 | 00860nam a2200193Ia 4500 | ||
|---|---|---|---|
| 999 |
_c4956 _d4956 |
||
| 003 | OSt | ||
| 005 | 20200413102643.0 | ||
| 008 | 191128s1991 ck ad gr 001 0 spa d | ||
| 040 |
_aCO-JMCR _cCO-JMCR |
||
| 041 | 0 | _aspa | |
| 082 | 0 | 4 |
_a301.4492 / _bE74c |
| 100 | 1 |
_aBarrera Restrepo, Efrén, _eautor _92896 |
|
| 245 | 1 | 4 |
_aLos círculos del poder en Colombia / _cEfrén Barrera Restrepo |
| 260 |
_aBogotá : _bEscuela Superior de Administración Pública, _c1991 |
||
| 300 |
_a290 páginas : _bgráficas ; _c24 cm. |
||
| 505 | _aEl poder del legislativo -- El poder real de los congresistas -- Tiempo de permanecia del congreso -- Circulación personal de los congresistas -- Congresistas y solo congresistas -- "Los intrusos" -- "Los hombres de partido" La "carrera" de los "hombres d | ||
| 650 | 1 | 4 |
_aPoder legislativo _xCongresistas _92897 |
| 942 |
_2ddc _cBK |
||